000
00325nam a2200133Ia 4500
008
240624s9999 xx 000 0 und d
041
_a
eng
082
_a
658.421 GRE
100
_a
GREENE CYNTHIA L
245
_a
ENTREPRENEURSHIP
260
_c
2006
_a
New Delhi
_b
Cengage Learning
300
_a
281p. ; 23cm.
365
_c
RS
_b
36
999
_c
13814
_d
13814